| 000 | 01053nam a2200313Ia 4500 | ||
|---|---|---|---|
| 001 | Para_100 | ||
| 003 | CHAP | ||
| 008 | 220125s1990 xx 000 0 und d | ||
| 010 | _a198824 | ||
| 040 | _cCHAP | ||
| 090 | _aPA FOLLETO 3067 | ||
| 100 |
_aPalomo Gil, Arturo _985025 |
||
| 245 |
_aLaguna 89 : _b nueva variedad de algodonero tolerante al verticillium / _c por Arturo Palomo G., Salvador Godoy A. y Enrique A. Garcia C |
||
| 260 |
_aMatamoros, Coah. : _b INIFAP. Campo Agrícola Experimental de la Laguna |
||
| 300 | _a8 p. | ||
| 410 | _aFolleto para productores; 10 | ||
| 650 |
_aAlgodón _xVariedades resistentes a enfermedades _94069 |
||
| 700 | _a | ||
| 700 |
_aI. Godoy A. Salvador _9164123 |
||
| 700 |
_aII. García C. Enrique A. _9164124 |
||
| 710 |
_aIII. INIFAP. México. Campo Agrícola Experimental de la Laguna _9164125 |
||
| 901 | _aPA FOLLETO 3067 | ||
| 902 | _aA | ||
| 905 | _a0000001990 0000000000 00 | ||
| 910 | _a1990 | ||
| 942 | _cPARA | ||
| 942 |
_cPARA _d1 |
||
| 999 |
_c198824 _d198824 |
||